| 000 | 00465nam a2200157Ia 4500 | ||
|---|---|---|---|
| 008 | 240729s9999 xx 000 0 und d | ||
| 022 | _a2300-2506 | ||
| 245 | 0 | _aArchives of Electrical Engineering | |
| 260 | _aPoland | ||
| 260 | _bPolish Academy of Sciences | ||
| 650 | _a Electrical engineering. Electronics. Nuclear engineering | ||
| 650 | _aTechnology | ||
| 856 | _uhttps://doaj.org/toc/0bc2444567894693adca63324d49cfa9 | ||
| 942 | _2ddc | ||
| 942 | _cDOAJEJ | ||
| 999 |
_c66468 _d66468 |
||
| 945 |
_a1 _bMadushi Gamage _c1 _dMadushi Gamage |
||